| 000 | 00523nam a2200169 4500 | ||
|---|---|---|---|
| 999 |
_c12551 _d12551 |
||
| 008 | 240219b ||||| |||| 00| 0 eng d | ||
| 040 | _aBMS College of Architecture | ||
| 100 | _aShashanka C S | ||
| 245 | _aKrushi urban architectural hub | ||
| 300 | _a65p, | ||
| 500 | _a1CF19AT104 | ||
| 502 |
_8B,Arch _NBMS College of Architecture, Visvesvaraya Technological University (VTU) _aProject report _d2023 |
||
| 650 | _aAgriculture | ||
| 700 |
_aDakshayini R Patil _eGuide |
||
| 710 | _aSubodh Khandekar | ||
| 942 | _2ddc | ||